A life course perspective on foster care: an examination of the impact on variations in levels of involvement in the foster care system on adult criminality and other indicators of adult well-being

Saved in:  
Bibliographic Details
Main Author: Holland, Donna Dea (Author)
Format: Print Book
Language:English
Published: 2005
In:Year: 2005
Check availability: HBZ Gateway
Subito Delivery Service: Order now.
Keywords:

MARC

LEADER 00000cam a2200000 c 4500
001 1325573213
003 DE-627
005 20220526112154.0
007 tu
008 060724s2005 xx ||||| m 00| ||eng c
024 8 |a 3193682  |q Order no. 
035 |a (DE-627)1325573213 
035 |a (DE-576)255573219 
035 |a (DE-599)BSZ255573219 
040 |a DE-627  |b ger  |c DE-627  |e rakwb 
041 |a eng 
100 1 |a Holland, Donna Dea  |4 aut 
245 1 2 |a A life course perspective on foster care  |b an examination of the impact on variations in levels of involvement in the foster care system on adult criminality and other indicators of adult well-being  |c Donna Dea Holland 
264 1 |c 2005 
300 |a X, 144 S. 
336 |a Text  |b txt  |2 rdacontent 
337 |a ohne Hilfsmittel zu benutzen  |b n  |2 rdamedia 
338 |a Band  |b nc  |2 rdacarrier 
502 |a Bowling Green, Univ., Diss., 2005 
583 1 |a Archivierung prüfen  |c 20200919  |f DE-640  |z 1  |2 pdager 
655 7 |a Hochschulschrift  |0 (DE-588)4113937-9  |0 (DE-627)105825778  |0 (DE-576)209480580  |2 gnd-content 
751 |a Bowling Green, Ohio  |0 (DE-588)4367959-6  |0 (DE-627)703967592  |0 (DE-576)216956676  |4 uvp 
935 |a mkri 
951 |a BO 
ELC |b 1 
LOK |0 000 xxxxxcx a22 zn 4500 
LOK |0 001 2512756858 
LOK |0 003 DE-627 
LOK |0 004 1325573213 
LOK |0 005 20060724144458 
LOK |0 008 060724||||||||||||||||ger||||||| 
LOK |0 040   |a DE-Frei85  |c DE-627  |d DE-Frei85 
LOK |0 852   |z Kopie, erschienen im Verlag Univ. Microfilms Internat., Ann Arbor, 2005 
LOK |0 852   |a DE-Frei85 
LOK |0 852 1  |m p  |9 00 
LOK |0 938   |k p 
LOK |0 939   |a 24-07-06  |b l01 
ORI |a SA-MARC-krimdoka001.raw